| 000 | 01335nac a22003011u 4500 | ||
|---|---|---|---|
| 010 | _a 97042831 | ||
| 020 | _a0787940046 (alk. paper) | ||
| 082 | 0 | 0 |
_a658 _bMOH |
| 090 |
_c6880 _d6880 |
||
| 100 | _aMohrman, Susan Albers. | ||
| 245 | 1 | 0 |
_aTomorrow's organization : _bcrafting winning capabilities in a dynamic world / _cSusan Albers Mohrman, Jay R. Galbraith, Edward E. Lawler III, and associates. |
| 250 | _a1st ed. | ||
| 260 |
_aSan Francisco : _bJossey-Bass,c1998. _cc1998. |
||
| 300 |
_axxiv, 453 p. : _bill. ; _c24 cm. |
||
| 440 | 4 | _aThe Jossey-Bass business & management series | |
| 500 | _aDistributer: Al-Ahram. | ||
| 504 | _aIncludes bibliographical references (p. 413-436) and indexes. | ||
| 511 | _aCatalogued By: Mahitab. | ||
| 650 | 0 | _aIndustrial management. | |
| 650 | 0 | _aOrganizational effectiveness. | |
| 700 | 1 | _aGalbraith, Jay R. | |
| 700 | 1 | _aLawler, Edward E. | |
| 856 | 4 | 2 |
_3Contributor biographical information _uhttp://www.loc.gov/catdir/bios/wiley044/97042831.html |
| 856 | 4 | 2 |
_3Publisher description _uhttp://www.loc.gov/catdir/description/wiley037/97042831.html |
| 856 | 4 | 2 |
_3Table of contents _uhttp://lcweb.loc.gov/catdir/toc/97-42831.html |
| 942 |
_cBB _k658MOH |
||
| 999 |
_c6880 _d6880 |
||